000 00794nam a2200229Ia 4500
005 20240530110950.0
008 140319s2021 ua a g 000 0 ara d
017 _bمصر. دار الكتب
020 _a9789948258186
040 _aGCL /
_cGCL
082 0 4 _221
_a370.152
_bأ ت
100 0 _aاحمد عزت
245 1 0 _aالتفكير الناقد :
_bالنظرية والتطبيق /
_cاحمد عزت
250 _aط. 1
260 _aالقاهرة :
_bالشقرى للنشر والخدمات الجامعية المتطورة،
_c2021.
300 _a344 ص. :
_bايض ؛
_c24 سم.
650 0 7 _aالتفكير
650 0 7 _aالتفكير الابداعى
650 0 7 _aالتفكير الناقد
942 _2ddc
_cBK
999 _c66977
_d66977